000 00395nam a22001697a 4500
003 MACL
005 20151223175040.0
008 151223b xxu||||| |||| 00| 0 eng d
040 _cMACL
041 _aEnglish
082 _a796/TYA
100 _aTyagi,Arun Kumar
_917978
245 _aFootball
260 _aNew Delhi
_bKhel Sahitya Kendra
_c2010
650 _aSports
_922653
942 _2ddc
_cBK
999 _c51810
_d51810